[Event "RSA-chT U18"]
[Site "Cape Town"]
[Date "2016.01.06"]
[Round "6.9"]
[White "Rajchrt, Michael"]
[Black "Rensburg, Kyle"]
[Result "1/2-1/2"]
[WhiteElo "1068"]
[BlackElo "1198"]
[PlyCount "89"]
[EventDate "2016.01.04"]
[EventType "team-tourn"]
[EventRounds "7"]
[EventCountry "RSA"]
[SourceTitle "CBM 170 Extra"]
[Source "ChessBase"]
[SourceDate "2016.02.25"]
[SourceVersion "1"]
[SourceVersionDate "2016.02.25"]
[SourceQuality "1"]
[WhiteTeam "Johannesburg Metro"]
[BlackTeam "Nelson Mandela Bay"]
[WhiteTeamCountry "RSA"]
[BlackTeamCountry "RSA"]

1. d4 d5 2. e3 Nf6 3. f4 Bf5 4. Nf3 e6 5. c3 Bd6 6. Be2 0-0 7. 0-0 Nbd7 8. Nbd2 Ne4 9. Ne5 Nxd2 10. Qxd2 Be4 11. Bf3 f5 12. Qf2 Rf6 13. Bh5 Bxe5 14. fxe5 Rh6 15. Bf3 Bd3 16. Be2 Bxe2 17. Qxe2 Qh4 18. g3 Rg6 19. Qf3 c5 20. Rf2 c4 21. Rg2 Qg5 22. Bd2 b5 23. Rf1 a5 24. h4 Qg4 25. a3 a4 26. Kh2 Rf8 27. Bc1 h5 28. Qxg4 hxg4 29. Rh1 Kf7 30. Kg1 Rh8 31. Rgh2 Rgh6 32. Bd2 Nf8 33. Be1 Rh5 34. Kf1 g5 35. Kg2 Ng6 36. hxg5 Rxh2+ 37. Rxh2 Rxh2+ 38. Kxh2 Ne7 39. Kg2 Kg6 40. Bd2 Kxg5 41. e4+ Kg6 42. exd5 Nxd5 43. Kf2 Kf7 44. Kg2 Kg6 45. Kh2 1/2-1/2